Curso espiritual del seminarista que anhela la santificación propia de su vocación eclesiástica mediante el ejercicio de la piedad sólida / compuesto por el doctor D. Eustaquio Ilundain y Esteban canónigo magistral de la S. I. P. de Ciudad Real

Detalles Bibliográficos
Autor principal: Ilundain y Esteban, Eustaquio, card., 1862-1937
Formato: Libro
Lenguaje:Spanish
Publicado: Madrid : imp. de San Francisco de Sales, 1899.
Materias:
Colección:Banco de datos
Acervo:Seminario Conciliar de Nuestra Señora de Guadalupe Querétaro. Qro.. Biblioteca Florencio Rosas. Fondo Histórico
Descripción Física:596 p., [1] h. ; 17 cm.
Tema general:Ascética - Seminaristas
Espiritualidad
Notas:Texto con signaturas. Encuadernación editorial en tela. Anotación manuscrita en la portada. Daños de mutilación, falta parte inferior de la anteportada
LEADER 01017nam a22001930004500
035 |a 3427 
041 0 |a spa 
100 1 |a Ilundain y Esteban, Eustaquio, card., 1862-1937 
245 1 0 |a Curso espiritual del seminarista que anhela la santificación propia de su vocación eclesiástica mediante el ejercicio de la piedad sólida / compuesto por el doctor D. Eustaquio Ilundain y Esteban canónigo magistral de la S. I. P. de Ciudad Real 
260 |a Madrid : imp. de San Francisco de Sales, 1899. 
300 |a 596 p., [1] h. ; 17 cm.  
500 |a Texto con signaturas. Encuadernación editorial en tela. Anotación manuscrita en la portada. Daños de mutilación, falta parte inferior de la anteportada 
504 |a Incluye índice de contenido 
650 1 0 |a Ascética - Seminaristas 
650 1 0 |a Espiritualidad 
949 |a Fondo Histórico: 8510 
942 |c Q.R.H.T 
943 |g Seminario Conciliar de Nuestra Señora de Guadalupe Querétaro. Qro.. Biblioteca Florencio Rosas. Fondo Histórico 
999 |c 1084882  |d 1084882